ბათუმის შოთა რუსთაველის სახელმწიფო უნივერსიტეტის ბიბლიოთეკა

Примеры и задачи по курсу процессов и аппаратов химической технологии. (ბიბ.ჩანაწერი № 47029)

000 -LEADER
fixed length control field 00786nam a2200217Ia 4500
001 - CONTROL NUMBER
control field 13885
003 - CONTROL NUMBER IDENTIFIER
control field GE_BSU
008 - FIXED-LENGTH DATA ELEMENTS--GENERAL INFORMATION
fixed length control field 181216s||||||||xx |||||||||||||| ||und||
040 ## - CATALOGING SOURCE
Transcribing agency GE_BSU
080 ## - UNIVERSAL DECIMAL CLASSIFICATION NUMBER
Universal Decimal Classification number 66.02(075.8)
245 ## - TITLE STATEMENT
Title Примеры и задачи по курсу процессов и аппаратов химической технологии.
245 ## - TITLE STATEMENT
Remainder of title Учеб. пособие для вузов.
250 ## - EDITION STATEMENT
Edition statement 10-е изд. перераб. и доп.
260 ## - PUBLICATION, DISTRIBUTION, ETC.
Place of publication, distribution, etc. Л.
260 ## - PUBLICATION, DISTRIBUTION, ETC.
Name of publisher, distributor, etc. Химия.
260 ## - PUBLICATION, DISTRIBUTION, ETC.
Date of publication, distribution, etc. 1987.
300 ## - PHYSICAL DESCRIPTION
Extent 576 стр. 22 см. 218 библиогр.
300 ## - PHYSICAL DESCRIPTION
Accompanying material 141 табл.
653 ## - INDEX TERM--UNCONTROLLED
Uncontrolled term Примеры и задачи по курсу процессов и аппаратов химической технологии.
942 ## - ADDED ENTRY ELEMENTS (KOHA)
Koha item type წიგნი
ეგზემპლარები
Withdrawn status Lost status Damaged status Not for loan Date acquired Barcode Date last seen Price effective from Koha item type
        2018-12-17 9601 2018-12-17 2018-12-17 წიგნი
        2018-12-17 9629 2018-12-17 2018-12-17 წიგნი